UMK-kappaleet 2026 - Statistics

Yleistilastot
  • Tätä visaa on pelattu 32 kertaa
  • Keskiarvotulos 5 / 7
Vastaustilastot
Artisti Kappale % Oikein
Linda Lampenius & Pete Parkkonen Liekinheitin
100%
Antti Paalanen Takatukka
97%
Komiat Lululai
94%
Etta Million Dollar Smile
84%
Chachi Cherry Cake
81%
Kiki Rakkaudenkipee
55%
Sinikka Monte Ready to Leave
32%
Ehtoja vastaavia visoja ei löytynyt
Tulosjakauma
Jokaisen tuloksen saaneiden osuus
Persentiili vastausten määrän mukaan
Tuloshistoriasi
Et ole pelannut tätä visaa